Catálogo
 En Linea

Apuntes y estrategias para el desarrollo local / (Registro nro. 23718)

Detalles MARC
000 -CABECERA
campo de control de longitud fija 00656nam a2200193 a 4500
001 - NÚMERO DE CONTROL
campo de control 000024224
005 - FECHA Y HORA DE LA ÚLTIMA TRANSACCIÓN
campo de control 20200930022825.0
008 - DATOS DE LONGITUD FIJA--INFORMACIÓN GENERAL
campo de control de longitud fija 110125s2005 dr a 000 0 spa d
020 ## - NÚMERO INTERNACIONAL ESTÁNDAR DEL LIBRO
Número Internacional Estándar del Libro 9993424161
040 ## - FUENTE DE LA CATALOGACIÓN
Centro catalogador/agencia de origen DO-SdBNP
Lengua de catalogación spa
Centro/agencia transcriptor BNPHU
049 ## - FONDOS LOCALES (OCLC)
Fondos de biblioteca BNPD
100 1# - ENTRADA PRINCIPAL--NOMBRE DE PERSONA
Nombre de persona Gimeno, María Consuelo
9 (RLIN) 49748
245 10 - MENCIÓN DE TÍTULO
Título Apuntes y estrategias para el desarrollo local /
Mención de responsabilidad, etc. María Consuelo Gimeno ; Nicolás Guevara.
260 ## - PUBLICACIÓN, DISTRIBUCIÓN, ETC.
Lugar de publicación, distribución, etc. Santo Domingo :
Nombre del editor, distribuidor, etc. Centro Cultural Proveda,
Fecha de publicación, distribución, etc. 2005.
300 ## - DESCRIPCIÓN FÍSICA
Extensión 59 p. ;
Dimensiones 28 cm.
490 #1 - MENCIÓN DE SERIE
Mención de serie Cuadernos de sociedad y educación
Designación de volumen o secuencia no. 17
700 1# - PUNTO DE ACCESO ADICIONAL--NOMBRE DE PERSONA
Nombre de persona Guevara, Nicolás
9 (RLIN) 22224
890 #0 -
-- Cuadernos de sociedad y educación
-- no. 17
Existencias
Estado de retiro Estado de pérdida No para préstamo Código de colección Localización permanente Ubicación/localización actual Ubicación en estantería Fecha de adquisición Número de inventario Total de préstamos Signatura topográfica completa Código de barras Fecha visto por última vez Precio válido a partir de Tipo de ítem Koha
    Excluido de préstamo Patrimonio Dominicano Patrimonio Dominicano Patrimonio Dominicano En catalogación 25.01.2011 LF1   24224-10 25.06.2020 25.06.2020 Libro y Folleto Colección Patrimonio Dominicano

Con tecnología Koha